000 00487nam a2200169 i 4500
001 95847
003 ES-MaACL
005 20230906181803.0
007 t|
008 050606s1960 sp ||||1| spa d
100 1 _aMacInnes, Colin.
_975227
245 1 0 _aPrincipiantes /
_cColin MacInnes; [traducción de Baldomero Portal].
260 _aBarcelona :
_bSeix Barral,
_c1960.
300 _a245 p. ;
_c22 cm.
700 1 _aPortal, Baldomero.
_993188
852 _aES-MaACL
_jC-21339
_bR.49594
999 _c95847
_d95847